Queer : storia culturale della comunità LGBT+ /
Sábháilte in:
| Príomhchruthaitheoir: | |
|---|---|
| Formáid: | LEABHAR |
| Teanga: | Iodáilis |
| Foilsithe / Cruthaithe: |
Torino :
Einaudi,
2023
|
| Sraith: | ET
ET Storia |
| Ábhair: | |
| Clibeanna: |
Níl clibeanna ann, Bí ar an gcéad duine le clib a chur leis an taifead seo!
|
MARC
| LEADER | 00000nam a22000007i 4500 | ||
|---|---|---|---|
| 001 | IT\ICCU\BMT\0032273 | ||
| 003 | ItRI | ||
| 005 | 20250806172206.0 | ||
| 008 | 230126s2023 it |||||| ||||| |||||c | ||
| 020 | |a 9788806258108 | ||
| 040 | |b ita |c Arcigay Viterbo | ||
| 041 | 7 | |a ita |2 ISO-639-2 | |
| 082 | |a 306.76 |2 23 | ||
| 100 | 1 | |a De Leo, Maya |0 IT\ICCU\CFIV\246875 |4 aut | |
| 240 | 1 | 0 | |a Queer |9 De Leo, Maya |
| 245 | 1 | 0 | |a Queer : |b storia culturale della comunità LGBT+ / |c Maya De Leo. |
| 260 | |a Torino : |b Einaudi, |c 2023 | ||
| 300 | |a IX, 367 p. ; |c 20 cm | ||
| 650 | 7 | |a Omosessualità [e] Transessualismo |x Rapporti [con la] Società |x Paesi occidentali |x Sec. 18.-21. |2 nsbncf | |
| 830 | 0 | |a ET |0 IT\ICCU\CFI\0626608 | |
| 830 | 0 | |a ET Storia |0 IT\ICCU\MES\0040067 | |
| 942 | |2 ddc |c BK |n 0 | ||
| 952 | |0 0 |1 0 |2 ddc |4 0 |6 306_760000000000000_DEL_QUE |7 0 |9 9497 |a VT |b VT |d 2025-08-06 |e Acq. Arcigay Viterbo su donazione di Banca Lazio Nord |i B200 |l 0 |o 306.76 DEL QUE |p B200 |r 2025-08-06 17:24:04 |w 2025-08-06 |y BK |z Acq. Arcigay Viterbo su donazione di Banca Lazio Nord | ||
| 981 | 1 | |6 z01 |a i |b xxxe | |
| 982 | 1 | |6 z01 |a n | |
| 999 | |c 7915 |d 7915 | ||